000 00793nab a2200241u 4500
001 15763
003 HDC
007 c| |||a|c|aaaa
008 210218b20140421my ||||| |||| 00| 0 may d
040 _aHDC
100 _aAhmad Fiesal Othman /
_eauthor
_99014
245 0 _aTM sasar 520,000 pelanggan PKS /
_cAhmad Fiesal Othman
336 _atext
_2rdacontent
337 _acomputer
_2rdamedia
338 _aonline resource
_2rdacarrier
650 _asmall and medium enterprises
_95226
650 _aTelekom Malaysia
_915843
710 _aBERITA HARIAN
856 _zRequest full-text at [email protected]
942 _2lcc
942 _cNEWS
942 _kNWSC 003761
999 _c13079
_d13079